000 01434cam a2200241 i 4500
999 _c58126
_d58126
001 21144546
005 20221107110356.0
008 190820s2020 enk b 001 0 eng
020 _a9780367321376x
041 _aeng
080 _a364.694 + 376-056.2 F-83
100 1 _aFox, Mark
_d
_912104
245 1 0 _aSupporting the emotional well-being of children and young people with learning disabilities :
_ba whole school approach /
_cMark Fox, Tom Laverty, and Sanchita Chowdhury.
264 1 _aLondon ;
_aNew York :
_bRoutledge, Taylor & Francis Group,
_c2020.
300 _a121 pages ;
_c30 cm.
653 _aПоддержка эмоционального благополучия детей и молодых людей с нарушением обучаемости
653 _aსწავლის შეზღუდული შესაძლებლობის მქონე ბავშვებისა და ახალგაზრდების ემოციური კეთილდღეობის ხელშეწყობა
653 _aგონებრივი შეზღუდული შესაძლებლობის მქონე ახალგაზრდები
653 _aМолодежь с психическими расстройствами
700 1 _aLaverty, Tom,
_eauthor.
_912105
700 1 _aChowdhury, Sanchita,
_eauthor.
_912106
942 _2udc
_cBK